The Oxford Guide to Writing and Speaking (Record no. 3734)

MARC details
000 -LEADER
fixed length control field 00397nam a22001697a 4500
005 - DATE AND TIME OF LATEST TRANSACTION
control field 20160623165626.0
008 - FIXED-LENGTH DATA ELEMENTS--GENERAL INFORMATION
fixed length control field 160623b xxu||||| |||| 00| 0 eng d
020 ## - INTERNATIONAL STANDARD BOOK NUMBER
ISBN 0-19-566097-8
041 ## - LANGUAGE CODE
Language code of text/sound track or separate title eng
082 ## - DEWEY DECIMAL CLASSIFICATION NUMBER
Item number 9651
100 ## - MAIN ENTRY--AUTHOR NAME
Personal name Seely, John
245 ## - TITLE STATEMENT
Title The Oxford Guide to Writing and Speaking
260 ## - PUBLICATION, DISTRIBUTION, ETC. (IMPRINT)
Name of publisher Oxford
Year of publication 2004
300 ## - PHYSICAL DESCRIPTION
Number of Pages 296
650 ## - SUBJECT ADDED ENTRY--TOPICAL TERM
Topical Term Management
942 ## - ADDED ENTRY ELEMENTS (KOHA)
Koha item type Books
Holdings
Lost status Damaged status Collection code Home library Current library Shelving location Date acquired Cost, normal purchase price Full call number Accession Number Koha item type
    ENGLISH JRU Library JRU Library SHELF-102-B 23/06/2016 175.00 9651 9651 Books
    ENGLISH JRU Library JRU Library SHELF-102-B 23/06/2016 175.00 9651 9652 Books
    ENGLISH JRU Library JRU Library SHELF-102-B 23/06/2016 175.00 9651 9653 Books
    ENGLISH JRU Library JRU Library SHELF-102-B 23/06/2016 175.00 9651 9654 Books
    ENGLISH JRU Library JRU Library SHELF-102-B 23/06/2016 175.00 9651 9655 Books
    ENGLISH JRU Library JRU Library SHELF-102-B 23/06/2016 175.00 9651 9656 Books
Lost     JRU Library JRU Library   23/06/2016 175.00 9651 9657 Books
    ENGLISH JRU Library JRU Library SHELF-102-B 23/06/2016 175.00 9651 9658 Books
    ENGLISH JRU Library JRU Library SHELF-102-B 23/06/2016 175.00 9651 9659 Books
    ENGLISH JRU Library JRU Library SHELF-102-B 23/06/2016 175.00 9651 9660 Books